000 00552nam a2200193Ia 4500
005 20250508150938.0
008 008 250505s9999 xx 000 0 eng d
037 _aTextual
040 _aFEDL
_beng
_cFEDL
041 _aeng
_2eng
084 _a570, ADL
_qFEDL
100 _aAdlam G H J
245 0 _aBiology, chemistry, experiments for receptions
245 4 _cThe science masters' book series 2 part 2
260 _aLondon, UK
_bJohn Murray
_c1936
300 _axvi,252p.
942 _cTEXL
_h570, ADL
999 _c1326641
_d1326641